000 00997nam a2200265 4500
003 OSt
005 20231020141823.0
008 231020s2019 mx ad||f |||| 001 0 spa d
020 _a9786073013239
040 _erda
_cCHAP
082 0 0 _222
_a305.56097275
_bT69
100 1 _9188177
_aToledo Tello, Sonia
245 _aEspacios sociales:
_ben una región agraria del norte de Chiapas (Siglo XIX-XXI) /
_cpor Sonia Toledo Tello
264 1 _aMéxico:
_bUniversidad Nacional Autónoma de México, Centro de Investigaciones Multidisciplinarias sobre Chiapas y la Frontera Sur,
_c2019.
300 _a422 páginas:
_bIlustraciones, cuadros, gráficas
336 _2rdacontent
_atexto
_btxt
337 _2rdamedia
_asin medio
_bn
338 _2rdacarrier
_avolumen
_bnc
504 _aIncluye índice y bibliografía
650 4 _9125415
_aConflictos sociales
_zChiapas
650 4 _922227
_aChiapas
_xCondiciones sociales
650 4 _995531
_aReforma agraria
_xChiapas
942 _2ddc
942 _cLIBRO
999 _c219300
_d219300